Monumenti famosi nel mondo - Statistics

Statistiche generali
  • Questo quiz è stato fatto 118 volte
    66 dall'ultimo reset
  • Il punteggio medio è 10 su 16
Statistiche sulle risposte
con Immagini Risposta % Corretto
Colosseo
98%
Statua della Libertà
98%
Torre Eiffel
93%
Big Ben
90%
David
83%
Sagrada Familia
80%
Cristo Redentore
76%
Grande Muraglia
75%
Partenone
75%
Piramidi di Giza
73%
Taj Mahal
69%
Burj Khalifa
49%
Santa Sofia
19%
Teatro dell'Opera di Sydney
17%
Cremlino
14%
Kilauea
2%
Nessun quiz corrispondente trovato
Distribuzione punteggi
Percentuale di utenti per punteggio
Percentile per numero di risposta
I tuoi punteggi nel tempo
Non hai fatto questo quiz dall'ultimo reset